000 00590nam a2200217Ia 4500
005 20240202105324.0
008 131103s9999 xx 000 0 und d
020 _a8176255416
_cRs 700
040 _aLoreto College
041 _aEnglish
082 _a370.15
_bASC
100 _aAsch,M.
245 3 _aAn Introduction to Educational Psychology,
_cM.Asch
260 _aNew Delhi
_bSarup and Sons
_c2005
300 _a434p
504 _aIncludes bibliographical references and index
650 _aEducation
651 _aEducational Psychology
850 _aLCLIB
942 _cBK
999 _c15749
_d66228